Beethoven und seine Zeit /

Bibliographic Details
Main Author: Nettl, Paul, 1889-1972
Format: Book
Language:German
Published: Frankfurt am Main : Fischer, [1958]
Series:Bücher des Wissens ; 248.
Fischer Bücherei.
Subjects:

MARC

Tag First Indicator Second Indicator Subfields
LEADER 00000cam a2200000 4500
001 in00001136639
005 20150930084405.0
008 850709s1958 gw a b 001 0 ger d
035 |a (OCoLC)12244226 
035 |9 AFX7111AM 
040 |a RES  |c RES  |d TXA  |d UtOrBLW 
049 |a TXAM 
090 |a ML410.B41  |b N47 1958b 
100 1 |a Nettl, Paul,  |d 1889-1972. 
245 1 0 |a Beethoven und seine Zeit /  |c Paul Nettl. 
264 1 |a Frankfurt am Main :  |b Fischer,  |c [1958] 
264 4 |c ©1958 
300 |a 211 pages :  |b illustrations, music ;  |c 18 cm. 
336 |a text  |b txt  |2 rdacontent 
337 |a unmediated  |b n  |2 rdamedia 
338 |a volume  |b nc  |2 rdacarrier 
490 1 |a Bücher des Wissens ;  |v 248 
490 1 |a Fischer Bücherei 
504 |a Includes bibliographical references and index. 
536 |a From the Howard Mayer Brown, Edward Downes and Mary Schieffelin Book Collections, October 2004. 
600 1 0 |a Beethoven, Ludwig van,  |d 1770-1827. 
830 0 |a Bücher des Wissens ;  |v 248. 
830 0 |a Fischer Bücherei. 
999 |a MARS 
999 f f |s 157d0150-0312-3d5f-a94d-f70d24a0b8f3  |i a944c4ce-4a35-35cf-9edb-0c19eb4437d3  |t 0 
952 f f |p ric  |a Texas A&M University  |b Rellis Campus  |c Joint Library Facility  |d Remote Storage  |t 0  |e ML410.B41 N47 1958b  |h Library of Congress classification  |i unmediated -- volume  |m A14817424319 
952 f f |p storage  |a Texas A&M University  |b J.J. Pickle Campus  |c High Density Repository  |d Remote Storage  |t 0  |e ML410.B41 N47 1958b  |h Library of Congress classification  |i unmediated -- volume  |m A14833831005 
998 f f |a ML410.B41 N47 1958b  |t 0  |l Remote Storage 
998 f f |a ML410.B41 N47 1958b  |t 0  |l Remote Storage